000 01001nam a2200301 a 4500
001 000111752
003 CHAP
005 20220329144227.0
008 150724s2014 mx |rm |0|||||spa d
010 _a108213
011 _a109185
040 _cCHAP
090 _aTesis
100 1 _aCastro Sánchez, Víctor Ángel
_9129707
245 1 0 _aRendimiento de forraje y algunas características de tipo forrajera en seis variedades de maíz, bajo condiciones de riego /
_cpor Víctor Ángel Castro Sánchez.
260 _aCocula, Gro. :
_bEl autor,
_c2014.
300 _aiv, 57 h.
502 _aTesis (Ing. Agr. Zootecnista) -- CSAEGRO. Centro de Estudios Profesionales
590 _aE5765TAJ
_b05
_c20150724
_lUCH01
_h1116
590 _aE5765TAJ
_b05
_c20150724
_lUCH01
_h1137
650 1 4 _aMaíz como forraje.
_971109
650 1 4 _aMaíz
_xIrrigación.
_970998
650 1 4 _aMaíz
_xRendimiento.
_971051
650 1 4 _aMaíz
_xVariedades.
_971081
901 _aBK
942 _cTESIS
942 _n0
999 _c108213
_d108213